|
|
|
|
| LEADER |
00000naa2a2200000 4500 |
| 001 |
129290 |
| 005 |
20231031133238.0 |
| 035 |
|
|
|a (RuTPU)RU\TPU\book\139932
|
| 090 |
|
|
|a 129290
|
| 100 |
|
|
|a 20080122d2005 k y0rusy50 ca
|
| 101 |
0 |
|
|a rus
|
| 102 |
|
|
|a RU
|
| 200 |
1 |
|
|a Исследование эффективности электроимпульсного разрушения гранита в трансформаторном масле
|f Д. Н. Берсенёв
|g науч. рук. В. Ф. Важов
|
| 320 |
|
|
|a Библиогр.: 1 назв.
|
| 463 |
|
0 |
|0 (RuTPU)RU\TPU\book\118365
|t Электротехника, электромеханика и электротехнологии
|o труды пятой региональной научно-практической студенческой конференции, Томск, 7-10 июня 2005 г.
|f Томский политехнический университет; Электротехнический институт
|v С. 247-250
|d 2005
|p 296 с.
|
| 610 |
1 |
|
|a электроразрядное разрушение
|
| 610 |
1 |
|
|a электроимпульсное разрушение
|
| 610 |
1 |
|
|a граниты
|
| 610 |
1 |
|
|a трансформаторные масла
|
| 610 |
1 |
|
|a труды учёных ТПУ
|
| 700 |
|
1 |
|a Берсенёв
|b Д. Н.
|
| 702 |
|
1 |
|a Важов
|b В. Ф.
|c специалист в области энергетики
|c доцент Томского политехнического университета, кандидат технических наук
|f 1939-
|g Владислав Фёдорович
|2 stltpush
|3 (RuTPU)RU\TPU\pers\26506
|4 727
|
| 801 |
|
1 |
|a RU
|b 63413507
|c 20080122
|g PSBO
|
| 801 |
|
2 |
|a RU
|b 63413507
|c 20150225
|g RCR
|
| 942 |
|
|
|c BK
|